MARC details
| 000 -CABECERA |
| campo de control de longitud fija |
01565nam a2200301 4500 |
| 003 - IDENTIFICADOR DEL NÚMERO DE CONTROL |
| campo de control |
EC-UNACH |
| 005 - FECHA Y HORA DE LA ÚLTIMA TRANSACCIÓN |
| campo de control |
20260219091413.0 |
| 006 - CÓDIGOS DE INFORMACIÓN DE LONGITUD FIJA--CARACTERÍSTICAS DEL MATERIAL ADICIONAL |
| campo de control de longitud fija |
s||||gr|||| 00| 00 |
| 008 - DATOS DE LONGITUD FIJA--INFORMACIÓN GENERAL |
| campo de control de longitud fija |
150116t9999 mx r gr 000 0 spa d |
| 040 ## - FUENTE DE LA CATALOGACIÓN |
| Centro catalogador/agencia de origen |
EC-UNACH |
| Centro/agencia transcriptor |
EC-UNACH |
| 041 ## - CÓDIGO DE LENGUA |
| Código de lengua del texto/banda sonora o título independiente |
spa |
| 082 04 - NÚMERO DE LA CLASIFICACIÓN DECIMAL DEWEY |
| Número de edición |
23 |
| Número de clasificación |
802 |
| Número de documento/Ítem |
L018600 |
| 110 ## - ENTRADA PRINCIPAL--NOMBRE DE ENTIDAD CORPORATIVA |
| Nombre de entidad corporativa o nombre de jurisdicción como elemento de entrada |
Ilustre Municipio del cantón Riobamba |
| 245 ## - MENCIÓN DE TÍTULO |
| Título |
Escritoras Chimboracenses |
| Resto del título |
Tomo #1 |
| 250 ## - MENCIÓN DE EDICIÓN |
| Mención de edición |
Primera edición |
| 264 ## - Producción, publicación, distribución, fabricación y copyright |
| Lugar de producción, publicación, distribución, fabricación |
Riobamba - Ecuador |
| Nombre del de productor, editor, distribuidor, fabricante |
Kidam Imprenta y Medios Digitales |
| Fecha de de producción, publicación, distribución, fabricación o copyright |
2025 |
| 300 ## - DESCRIPCIÓN FÍSICA |
| Extensión |
237 páginas |
| Otras características físicas |
Fotografías |
| 501 ## - NOTA DE "CON" |
| Nota de “Con” |
Incluye índice |
| 505 ## - NOTA DE CONTENIDO CON FORMATO |
| Nota de contenido con formato |
María Elena Alsina -- Aída Beatriz Beltrán Rosero -- Margoth Brito Calero -- Sonia María Bustos Navarrete -- Elsy Cabrera -- María Paola Calderón Saltos -- Lucía Elena Costales Terán -- Susana Costales Terám -- Jacqueline Costales -- Dolores Diaz -- Socorro Freire -- Castula García Mora -- Silvia García -- María Elena Haro Cisneros -- Nancy Leonor Haro Pontón -- Carmita Cecilia Miranda Escobar -- Adela Irene Moscoso Valarezo -- Gladys Muñoz Guerrero -- Lorena Naranjo -- Teresa Neira Rodriguez -- Gradys Paredes Genoveva Ponce Naranjo -- Piedad Robalino Maité Belén Romero Pérez -- Antonela Mishell Santamaría Vaca -- Yony Sarango -- Leonor Tene -- Nancy Usca -- Elsa Fabiola Yánez Cuadrado. |
| 650 ## - PUNTO DE ACCESO ADICIONAL DE MATERIA--TÉRMINO DE MATERIA |
| Término de materia o nombre geográfico como elemento inicial |
POEMAS |
| 650 ## - PUNTO DE ACCESO ADICIONAL DE MATERIA--TÉRMINO DE MATERIA |
| Término de materia o nombre geográfico como elemento inicial |
ANALOGÍAS |
| 650 ## - PUNTO DE ACCESO ADICIONAL DE MATERIA--TÉRMINO DE MATERIA |
| Término de materia o nombre geográfico como elemento inicial |
VERSOS |
| 650 ## - PUNTO DE ACCESO ADICIONAL DE MATERIA--TÉRMINO DE MATERIA |
| Término de materia o nombre geográfico como elemento inicial |
POESÍA |
| 942 ## - ELEMENTOS DE PUNTO DE ACCESO ADICIONAL (KOHA) |
| Fuente del sistema de clasificación o colocación |
Clasificación Decimal Dewey |
| Tipo de ítem Koha |
Libros |
| 999 ## - NÚMEROS DE CONTROL DE SISTEMA (KOHA) |
| Koha biblionumber |
14364 |